00463 2200193 4500001002100000005001500021035002000036245003800056100001500094250000600109856004500115260004100160082000800201084001400209600001000223990001200233990001200245990001200257INLIS00000000000172520250505095300 a0010-05250000171 aButon Dalam Gerimis /cLa Ode Boa0 aLa Ode Boa a1 aRuang Baca Umum No Klas 800 ( Rak 3,4,5) aYogyakarta :bMita Gama Widya,c2000 a813 a813 LA b 4aFiksi a00.0204 a00.0205 a00.0206